000 00358nam a22001457a 4500
020 _a0-8094-5717-2
082 _a523.1
_bSPA
100 _aTime Life Books, Virginia
_938937
245 _aSpace
260 _aUSA
_bSimultaneously
300 _a128p. :
_bIll. :
_c12 Cm
526 _a0
_b0
_c0
_d523_100000000000000_SPA
650 _aMCE
_9379
942 _2ddc
_cBK
999 _c544030
_d544030